|
|
|
|
| LEADER |
00000cas a22000004a 4500 |
| 001 |
vtls001429599 |
| 003 |
SK-MaSNL |
| 005 |
20260228160650.0 |
| 008 |
180810d18801910xo ar 0 0b0hun |
| 035 |
|
|
|a SNK000384610
|
| 040 |
|
|
|a SNK
|b slo
|c SNK
|e AACR2
|
| 041 |
0 |
|
|a hun
|
| 044 |
|
|
|a xo
|c SK
|
| 080 |
|
|
|a (047.1)
|2 2011
|
| 245 |
0 |
0 |
|a Polgári Fiú . és Leányiskola rtesitője az ...
|
| 260 |
|
|
|a Turócsentmártoni
|b Tulakdonos Moskóczi Ferencné
|c [1880-1910]
|
| 300 |
|
|
|a zv.
|
| 310 |
|
|
|a 1x ročne
|
| 362 |
0 |
|
|a [1880/81-1909/10]
|
| 500 |
|
|
|a Súčasťou názvu je označenie roku
|
| 655 |
|
7 |
|a výročné správy
|2 SNKPH
|9 70580
|
| 752 |
|
|
|a Slovensko
|d Martin
|
| 910 |
|
|
|a snk
|
| 958 |
|
|
|a ONDV
|
| 999 |
|
|
|c 3277
|d 5207
|
| 952 |
|
|
|0 0
|1 0
|4 0
|7 0
|a SNK
|b SNK
|d 2005-05-24
|i snk3333/29
|l 0
|o snkČSC 235/1909-1910
|p 17A0469648
|r 2026-02-21 19:41:45
|w 2026-02-21
|y PREZ
|
| 952 |
|
|
|0 0
|1 0
|4 0
|7 0
|a SNK
|b SNK
|d 2005-05-24
|i snk3332/29
|l 0
|o snkČSC 235/1901-1902
|p 17A0469646
|r 2026-02-21 19:41:45
|w 2026-02-21
|y PREZ
|
| 952 |
|
|
|0 0
|1 0
|4 0
|7 0
|a SNK
|b SNK
|d 2005-05-24
|i snk3327/29
|l 0
|o snkČSC 235/1881-1882
|p 17A0469638
|r 2026-02-21 19:41:45
|w 2026-02-21
|y PREZ
|
| 952 |
|
|
|0 0
|1 0
|4 0
|7 0
|a SNK
|b SNK
|d 2005-05-24
|i snk 3326/29
|l 0
|o snkČSC 235/1880-1881
|p 17A0469640
|r 2026-02-21 19:41:45
|w 2026-02-21
|y PREZ
|
| 952 |
|
|
|0 0
|1 0
|4 0
|7 0
|a SNK
|b SNK
|d 2002-02-20
|i snk3334/29
|l 0
|o snkČSC 235/1903-1904
|p 17A0333752
|r 2005-01-02 00:00:00
|w 2026-02-21
|y PREZ
|
| 952 |
|
|
|0 0
|1 0
|3 Uvoľnený tit. list
|4 0
|7 0
|a SNK
|b SNK
|d 2002-02-20
|i snk3335/29
|l 0
|o snkČSC 235/1909-1910
|p 17A0333834
|r 2005-01-02 00:00:00
|w 2026-02-21
|y PREZ
|